000 00995cam a22002175a 4500
001 E141301
008 070215s2007 xxk f 000 0 eng u
020 _a9781904829591
035 _a(Sirsi) u141301
041 0 _aeng
050 0 4 _a692.5 $2 18
245 0 0 _aWessex comprehensive building price book 2008
_bminor works
250 _a25th ed.
260 _aPoole
_bBCIS
_c2007
520 _aGives unit rates compiled from over 500 000 price elements. Each unit rate and element has been updated and new materials and specifications have been incorporated where applicable and includes the latest amendments to professional information, average building prices, town and country planning regulations fees for applications, building regulations prescribed fees etc. and costs limits and allowances.
520 _aSuperseded by 26th ed. (ISBN 9781904829812).
651 4 _aUnited Kingdom
_y
690 _aBUILT ENVIRONMENT-BUILDING COSTS
700 _aBarnett, N.P.
_eEditor
942 _n0
999 _c107627
_d107627